| 000 | 00934nam a22002175i 4500 | ||
|---|---|---|---|
| 001 | 157668 | ||
| 003 | ES-MaACL | ||
| 005 | 20230906210812.0 | ||
| 008 | 020829q1881 fr |||| | fre d | ||
| 100 | 1 |
_aLévy, Antoine. _9129187 |
|
| 245 | 1 | 0 |
_aMorceaux choisis des philosophes allemands modernes pour la classe de philosophie avec notes, commentaires, notices historiques et philosophiques / _cpar Antoine Lévy. |
| 260 |
_aParis : _bLibrairie Germer-Baillière et Cie, _c[ca. 1881] ( _fImp. Émile Martinet) |
||
| 300 |
_aXXIV, 230 p. ; _c19 cm. |
||
| 490 | 1 | _aBibliothèque classique d'ouvrages philosophiques | |
| 596 | _aProbablemente impreso en la segunda mitad del S. XIX. | ||
| 650 | 4 |
_aFilosofía- _zAlemania- _yS.XIX. _9144630 |
|
| 752 |
_aFrancia - _dParís |
||
| 830 | 1 |
_aBibliothèque classique d'ouvrages philosophiques _9221811 |
|
| 852 |
_aES-MaACL _jF-12242 _z- Enc. pasta española |
||
| 999 |
_c157668 _d157668 |
||